Szczegóły MARC21

Metafora świata : Filip II jako władca i kolekcjoner. T. 2 /

003 -Nazwa inst., której nr kontr. jest w polu 001 [,]
    • @
    • Nazwa instytucji, której n kontrolny jest w polu 001
    • NUKAT
005 -DATA I CZAS OSTATNIEJ MODYFIKACJI [,]
    • @
    • pole kontrolne
    • 20241231092231.0
020 -Międzynarod. znormalizowany nr książki - ISBN [ , ]
    • a
    • Numer ISBN
    • 9788360816677 Find
    • q
    • Dopowiedzenie
    • t. 1
020 -Międzynarod. znormalizowany nr książki - ISBN [ , ]
    • a
    • Numer ISBN
    • 9788360816660 Find
020 -Międzynarod. znormalizowany nr książki - ISBN [ , ]
    • a
    • Numer ISBN
    • 9788360816684 Find
    • q
    • Dopowiedzenie
    • t. 2
040 -Instytucja sporządzająca opis [ , ]
    • a
    • Instytucja, która sporządziła opis (NP)
    • KR U/PAW
    • c
    • Instytucja, która sporządziła rekord (NP)
    • KR U/PAW
    • d
    • Instytucja, która zmodyfikowała rekord (P)
    • KR U/PAWs
041 -Język dokumentu [1, ]
    • a
    • Język tekstu (P)
    • polski
    • a
    • Język tekstu (P)
    • niemiecki
    • h
    • Język tekstu oryginalnego i/lub pośredniego (P)
    • niemiecki
    • h
    • Język tekstu oryginalnego i/lub pośredniego (P)
    • polski
942 -Rodzaj dokumentu [ , ]
    • c
    • Rodzaj dokumentu
    • Książka
100 -Hasło główne - nazwa osobowa [1, ]
    • a
    • Nazwa osobowa (NP)
    • Badach, Artur.
    • 9
    • KHW
    • 610449
245 -Strefa tytułu i oznaczenia odpowiedzialności [1,0]
    • a
    • Tytuł
    • Metafora świata : Find
    • b
    • Ciąg dalszy tytułu (NP)
    • Filip II jako władca i kolekcjoner. Find
    • n
    • Oznaczenie części (P)
    • T. 2 /
    • c
    • Pozostałe elementy strefy tytułu i oznaczenia odpowiedzialności (NP)
    • [redakcja Renata Zdero ; autorzy not katalogowych Artur Badach i 36 pozostałych ; tłumaczenia Jerzy Grzelak, Dominik Petruk, Peter-Christian Seraphim].
246 -Wariant tytułu [1, ]
    • i
    • Tekst wyświetlany na ekranie monitora (NP)
    • Strona tytułowa:
    • a
    • Tytuł (NP)
    • Philipp II :
    • b
    • Ciąg dalszy tytułu (NP)
    • eine Metapher für die Welt.
    • n
    • Numer części
    • T. 2
260 -Strefa adresu wydawniczego [ , ]
    • a
    • Miejsce wydania (P)
    • Szczecin :
    • b
    • Nazwa wydawcy (P)
    • Zamek Książąt Pomorskich,
    • c
    • Data wydania (P)
    • 2015.
300 -Strefa opisu fizycznego [ , ]
    • a
    • Określenie formy książki i/lub objętość (NP)
    • 437, [2] s. :
    • b
    • Oznaczenie ilustracji (NP)
    • il. kolor. ;
    • c
    • Format (NP)
    • 33 cm.
336 -Typ zawartości [ , ]
    • a
    • Termin opisujący typ zawartości
    • Tekst
    • b
    • Kod określający zawartość
    • txt
    • 2
    • Źródło (terminu i kodu)
    • rdacontent
337 -Typ mediów [ , ]
    • a
    • Tryb odtwarzania
    • Bez urządzenia pośredniczącego
    • b
    • Kod typu mediów
    • n
    • 2
    • Źródło (terminu i kodu)
    • rdamedia
338 -Typ/rodzaj nośnika [ , ]
    • a
    • Hasło opisujące typ nośnika
    • Wolumin
    • b
    • Kod typu nośnika
    • nc
    • 2
    • Źródło (terminu i kodu)
    • rdacarrier
500 -Uwaga ogólna [ , ]
    • a
    • Uwaga ogólna (NP)
    • Wystawa, 27 listopada 2015 - 28 lutego 2016, Zamek Książąt Pomorskich w Szczecinie. Galeria Północna.
504 -Uwaga dot. bibliogr. załącznikowej [ , ]
    • a
    • Uwaga dot. bibliografii załącznikowej
    • Bibliogr. s. 418-425.
546 -Uwaga dot. języka [ , ]
    • a
    • Uwaga dot. języka
    • Tekst równol. pol., niem.
600 -Hasło przedmiotowe w formie nazwy osobowej [0,7]
    • a
    • Nazwa osobowa
    • Filip
    • b
    • Numeracja zwiazana z nazwą
    • II
    • c
    • Dopowiedzenie
    • (książę pomorski ;
    • d
    • Daty związane z nazwą
    • 1573-1618)
    • v
    • Określnik formalny
    • katalogi wystaw.
    • 2
    • Źródło terminu
    • kaba
    • 9
    • KHW
    • 610586
650 -Hasło przedmiotowe [ ,7]
    • a
    • Hasło przedmiotowe
    • Sztuka renesansowa
    • v
    • Określnik formalny
    • katalogi wystaw.
    • 2
    • Źródło terminu
    • kaba
    • 9
    • KHW
    • 610585
650 -Hasło przedmiotowe [ ,7]
    • a
    • Hasło przedmiotowe
    • Zamek Książąt Pomorskich (Szczecin, Polska)
    • v
    • Określnik formalny
    • katalogi wystaw.
    • 2
    • Źródło terminu
    • kaba
    • 9
    • KHW
    • 388092
651 -Hasło przedmiotowe w formie nazwy geograficznej [ ,7]
    • a
    • Nazwa geograficzna
    • Pomorze Zachodnie (Polska ; region)
    • x
    • Określnik rzeczowy
    • cywilizacja
    • y
    • Określnik chronologiczny
    • 1500-1800
    • v
    • Określnik formalny
    • katalogi wystaw.
    • 2
    • Źródło terminu
    • kaba
    • 9
    • KHW
    • 610584
700 -Hasło dodatkowe - nazwa osobowa [1, ]
    • a
    • Nazwa osobowa (NP)
    • Zdero, Renata. Find
    • e
    • Określenie rodzaju współpracy
    • Red.
    • 9
    • KHW
    • 95153
700 -Hasło dodatkowe - nazwa osobowa [1, ]
    • a
    • Nazwa osobowa (NP)
    • Grzelak, Jerzy Find
    • d
    • Daty biograficzne (NP)
    • (1960- ).
    • e
    • Określenie rodzaju współpracy
    • Tł.
    • 9
    • KHW
    • 57122
700 -Hasło dodatkowe - nazwa osobowa [1, ]
    • a
    • Nazwa osobowa (NP)
    • Petruk, Dominik. Find
    • e
    • Określenie rodzaju współpracy
    • Tł.
    • 9
    • KHW
    • 99970
700 -Hasło dodatkowe - nazwa osobowa [1, ]
    • a
    • Nazwa osobowa (NP)
    • Seraphim, Peter-Christian. Find
    • e
    • Określenie rodzaju współpracy
    • Tł.
    • 9
    • KHW
    • 569316
700 -Hasło dodatkowe - nazwa osobowa [1, ]
    • a
    • Nazwa osobowa (NP)
    • Badach, Artur. Find
    • 9
    • KHW
    • 610449
710 -Hasło dodatkowe - nazwa ciała zbiorowego [2, ]
    • a
    • Nazwa ciała zbiorowego lub nazwa geograficzna jako pierwszy element (NP)
    • Zamek Książąt Pomorskich (Szczecin).
    • b
    • Nazwa jednostki podrzędnej (P)
    • Galeria Północna.
    • 9
    • KHW
    • 610450
710 -Hasło dodatkowe - nazwa ciała zbiorowego [2, ]
    • a
    • Nazwa ciała zbiorowego lub nazwa geograficzna jako pierwszy element (NP)
    • Zamek Książąt Pomorskich (Szczecin).
    • 4
    • Kod relacji
    • pbl
    • 9
    • KHW
    • 10634
730 -Hasło dodatkowe - tytuł ujednolicony [0, ]
    • a
    • Tytuł ujednolicony (NP)
    • Katalog wystawy (Zamek Książąt Pomorskich. Galeria Północna ; Szczecin ; 2015)
    • 9
    • KHW
    • 610451
920 -ISBN [ , ]
    • a
    • ISBN
    • 978-83-60816-67-7 Find
    • q
    • Dopowiedzenie
    • t. 1
920 -ISBN [ , ]
    • a
    • ISBN
    • 978-83-60816-66-0 Find
920 -ISBN [ , ]
    • a
    • ISBN
    • 978-83-60816-68-4 Find
    • q
    • Dopowiedzenie
    • t. 2
Numer inwentarzowy Status udost. Lokalizacja
Ikn.12641BG